Buteurs de l'AS Saint-Etienne (de 2004/05 à 2021/22) - Statistiques

Statistiques générales
  • Ce quiz a été pris 106 fois
  • Le résultat moyen est 37 sur 133
Statistiques - réponses
Buteurs Buts Période % Correct
Romain Hamouma 62 2012-22
96%
Loïc Perrin 28 2003-20
90%
Pierre-Emerick Aubameyang 41 2011-13
89%
Robert Beric 34 2015-20
80%
Wahbi Khazri 36 2018-22
77%
Moustapha Bayal Sall 11 2006-16
73%
Max-Alain Gradel 32 2011-15
72%
Bafétimbi Gomis 47 2002-09
69%
Brandao 23 2012-14
67%
Fabien Lemoine 6 2011-17
64%
Denis Bouanga 29 2019-22
63%
Rémy Cabella 17 2017-19
60%
Wesley Fofana 2 2019-20
60%
Renaud Cohade 7 2012-16
57%
Alexander Soderlund 6 2016-18
56%
Jérémy Clément 1 2011-17
56%
Dimitri Payet 25 2007-11
54%
Arnaud Nordin 18 2016-22
53%
Jean-Philippe Krasso 1 2020-23
53%
Mathieu Debuchy 12 2018-21
53%
Kévin Monnet-Paquet 19 2014-21
51%
Mevlut Erding 22 2013-15
51%
Yohan Mollo 9 2013-15
51%
Blaise Matuidi 3 2007-2011
49%
Loïs Diony 9 2017-20
47%
Pascal Feindouno 37 2004-08
47%
François Clerc 3 2012-16
46%
Ilan 31 2006-10
46%
Ryad Boudebouz 6 2019-22
42%
Mahdi Camara 9 2018-23
41%
Franck Tabanou 6 2013-15/2016
40%
Frédéric Piquionne 29 2004-07
40%
Jonathan Bamba 9 2015-18
38%
Nolan Roux 16 2015-17
38%
Ricky Van Wolfswinkel 9 2014-15
38%
Timothée Kolodziejczak 7 2018-22
38%
Gabriel Silva 2 2017-23
37%
Kurt Zouma 4 2011-14
37%
Benjamin Corgnet 12 2013-17
35%
Josuha Guilavogui 9 2009-13 / 2014
35%
Bakary Sako 17 2009-12 / 2022
32%
Christophe Landrin 8 2006-11
32%
Jonathan Brison 1 2012-16
32%
Neven Subotic 3 2018-19
32%
Florentin Pogba 2 2012-18
31%
Julien Sablé 9 1998-2007
31%
Bryan Dabo 2 2016-18
30%
Jordan Veretout 4 2016-17
30%
Mouhamadou Dabo 2 2005-10
30%
Paul-Georges Ntep 1 2018
30%
Valentin Eysseric 8 2015-16
30%
Adil Aouchiche 2 2020-22
28%
Mickaël Nadé 2 2017-
28%
Miguel Trauco 2 2019-22
28%
Oussama Tannane 5 2016-20
28%
Yohan Cabaye 1 2019-20
27%
Charles Abi 4 2018-23
26%
Faouzi Ghoulam 1 2010-14
26%
Gonzalo Bergessio 10 2009-11
26%
Saïdou Sow 2 2020-
26%
Valentin Vada 1 2019
26%
Yvann Maçon 1 2020-
26%
Harold Moukoudi 3 2019-22
25%
Zaydou Youssouf 3 2019-22
25%
Kévin Théophile-Catherine 1 2014-18
23%
Vincent Pajot 6 2015-18
23%
Laurent Batlles 8 2010-12
22%
Emmanuel Rivière 19 2008-11
21%
Geoffrey Dernis 11 2006-09
21%
Hernani 4 2017-18
21%
Lucas Gourna 1 2020-22
21%
Banel Nicolita 4 2011-14
20%
Henri Saivet 1 2016-17
20%
Kévin Mirallas 5 2008-10
20%
Makhtar Gueye 1 2018-20
20%
Neal Maupay 3 2015-17
20%
Yvan Neyou 1 2020-
20%
Florent Sinama-Pongolle 4 2011-12
19%
Assane Dioussé 1 2017-22
16%
Boubacar Sanogo 2 2009-12
16%
Carlos Bocanegra 2 2010-11
16%
Jean-Pascal Mignot 1 2011-14
16%
Lamine Sakho 1 2005-06
16%
Vincent Hognon 8 2002-07
16%
Ismaël Diomandé 2 2011-16
15%
Lilian Compan 4 2002-05
15%
Paul Baysse 1 2013-15
15%
Paulo Machado 4 2008-09
15%
Sylvain Marchal 2 2010-12
15%
Yannis Salibur 1 2018-19
15%
Albin Ebondo 1 2010-12
14%
David Hellebuyck 8 2001-06
14%
Nicolas Marin 4 2003-05
14%
Alejandro Alonso 4 2011-13
12%
Frédéric Mendy 3 2001-06
12%
Habib Maïga 2 2017-19
12%
Jean-Eudes Aholou 1 2019-20
12%
Lamine Ghezali 1 2017-22
12%
Mathieu Bodmer 2 2013
12%
Augusto Fernandez 1 2009-10
11%
Daisuke Matsui 1 2008-09
11%
Jean-Christophe Bahebeck 3 2015-16
11%
Jorginho 1 2016-17
11%
Sébastien Grax 1 2008-10
11%
Damien Perquis 1 2005-07
10%
David Gigliotti 5 2007-10
10%
Eliaquim Mangala 1 2022
10%
Kévin Mayi 1 2012-14
10%
Landry N'Guemo 1 2015
10%
Yohan Benalouane 3 2007-10
10%
Bilal Benkhedim 1 2019-22
9%
Cédric Varrault 2 2007-10
9%
Dylan Saint-Louis 1 2015-17
9%
Hérita Ilunga 2 2003-07
9%
Matt Moussilou 3 2007
9%
Patrice Carteron 1 2000-05
9%
Yohan Hautcoeur 2 2006-10
9%
Anthony Le Tallec 1 2004-05
7%
Fousseni Diawara 2 2000-08
7%
Fredy Guarin 1 2066-08
7%
Guirane N'Daw 1 2010-13
7%
Helder Postiga 3 2006
7%
Marek Heinz 5 2006-07
7%
Paulao 1 2011-12
7%
Sébastien Mazure 2 2005-06
7%
Daniel Bilos 3 2006-08
6%
Kenny Rocha-Santos 1 2017-19
6%
Lamine Diatta 1 2006-07
6%
Pape Diakhaté 1 2010
6%
David Sauget 1 2008-09
5%
Edmilson Indjai Correia 1 2019-20
5%
Danijel Aleksic 1 2012-14
4%
Hamidou Keyta 1 2016-17
2%
Aucun quiz correspondant
Distribution des résultats
% des personnes avec chaque résultat
Percentile par nombre de réponses
Votre historique - résultats
Vous n’avez pas pris ce quiz